[Event "Open de la Loire"]
[Site "Comite Loire Echecs"]
[Date "2004.10.16"]
[Round "2.11"]
[White "Carrot, Axel"]
[Black "Chabas, Jean-Luc"]
[Result "0-1"]
[WhiteElo "1300"]
[BlackElo "1540"]
[PlyCount "63"]
[EventDate "2004.??.??"]

1. d4 d5 2. Nc3 Nf6 3. Bf4 e6 4. e3 Nbd7 5. Nf3 a6 6. Bd3 c5 7. dxc5 Bxc5 8.
O-O O-O 9. Ne5 b5 10. Nc6 Qb6 11. Ne5 Bb7 12. Nxd7 Nxd7 13. Qg4 e5 14. Bg5 e4
15. Be2 Nf6 16. Qf5 Qe6 17. Qxe6 fxe6 18. Bxf6 Rxf6 19. Bg4 Raf8 20. Rae1 e5
21. a3 d4 22. exd4 Bxd4 23. Nxe4 Bxe4 24. Rxe4 Rxf2 25. Be6+ Kh8 26. Rxf2 Rxf2
27. Re1 Rf6+ 28. Kh1 Rxe6 29. Rf1 Kg8 30. c3 Bb6 31. Rd1 e4 32. Re1 0-1

[Event "Open de la Loire"]
[Site "Comite Loire Echecs"]
[Date "2004.10.16"]
[Round "2.12"]
[White "Goudet, Maxence"]
[Black "Gregoire, Patrick"]
[Result "0-1"]
[WhiteElo "1520"]
[BlackElo "1390"]
[PlyCount "24"]
[EventDate "2004.??.??"]

1. e4 c6 2. Bc4 d5 3. Bd3 e5 4. Nf3 Bg4 5. c3 Bc5 6. O-O f5 7. Be2 fxe4 8. Nxe5
Bxe2 9. Qxe2 Qh4 10. Kh1 h5 11. d3 Bd6 12. Ng6 Qxh2# 0-1

[Event "Open de la Loire"]
[Site "Comite Loire Echecs"]
[Date "2004.10.16"]
[Round "2.14"]
[White "Mathieu, Jacques"]
[Black "Gerey, Jean-Pierre"]
[Result "1-0"]
[WhiteElo "1499"]
[BlackElo "1370"]
[PlyCount "109"]
[EventDate "2004.??.??"]

1. e4 e5 2. Nf3 Nc6 3. d4 exd4 4. Nxd4 Nxd4 5. Qxd4 d6 6. Nc3 c5 7. Bb5+ Bd7 8.
Qd5 Qc7 9. Bg5 f6 10. Bh4 Ne7 11. Qb3 Bxb5 12. Qxb5+ Nc6 13. Nd5 Qf7 14. O-O
Be7 15. Nc7+ Kd7 16. Nxa8 Rb8 17. Rad1 Qxa2 18. Bg3 Qa6 19. Qxa6 bxa6 20. b3
Rxa8 21. f3 Rb8 22. Bf2 Kc7 23. Ra1 a5 24. Ra4 Rb5 25. Rfa1 Kb6 26. R1a3 Ka6
27. c4 Rb7 28. Be1 Bd8 29. Bc3 Nd4 30. Bxa5 Bxa5 31. Rxa5+ Kb6 32. Rxa7 h5 33.
Rxb7+ Kxb7 34. Kf2 Kb6 35. h4 g6 36. g4 Nc2 37. Ra8 Nd4 38. Rb8+ Kc6 39. Rg8
hxg4 40. fxg4 Nxb3 41. Ke3 Na5 42. Kd3 Nb3 43. Rxg6 Nd4 44. Rxf6 Kd7 45. h5 Nc6
46. g5 Ne5+ 47. Ke3 Ng4+ 48. Kf3 Nxf6 49. gxf6 Ke8 50. Kg4 Kf7 51. h6 Kg8 52.
Kg3 d5 53. exd5 Kh8 54. d6 Kg8 55. d7 1-0

[Event "Open de la Loire"]
[Site "Comite Loire Echecs"]
[Date "2004.10.16"]
[Round "2.15"]
[White "Gidrol, Thibault"]
[Black "Moleins, Jean-Pierre"]
[Result "0-1"]
[WhiteElo "1310"]
[BlackElo "1499"]
[PlyCount "119"]
[EventDate "2004.??.??"]

1. e4 b6 2. Nf3 Bb7 3. Nc3 d6 4. Bd3 Nf6 5. O-O Nbd7 6. Qe2 Ne5 7. Nxe5 dxe5 8.
Ba6 Qc8 9. Bxb7 Qxb7 10. Qb5+ Nd7 11. Nd5 e6 12. Qa6 Qxa6 13. Nxc7+ Kd8 14.
Nxa6 Rc8 15. Nb4 Bxb4 16. c3 Be7 17. a4 a5 18. b4 axb4 19. cxb4 Bxb4 20. Rb1
Ba5 21. d3 Nc5 22. Rd1 Nxa4 23. d4 Nc3 24. dxe5+ Nxd1 25. Bg5+ Kc7 26. Rc1+ Kb7
27. Rxd1 h6 28. Bf4 Rhf8 29. Bc1 Rfd8 30. Rf1 Bc3 31. Ba3 Bxe5 32. Rb1 Rc3 33.
Bb2 Rcd3 34. g3 Rd1+ 35. Rxd1 Rxd1+ 36. Kg2 Bxb2 37. h4 Rd2 38. Kf3 Bd4 39. g4
Rxf2+ 40. Kg3 Rf1 41. Kg2 Rg1+ 42. Kh3 Re1 43. g5 Rxe4 44. gxh6 gxh6 45. Kg3
Bf6 46. h5 Rh4 47. Kf3 Rxh5 48. Kg4 Rh4+ 49. Kg3 h5 50. Kg2 Rf4 51. Kg3 e5 52.
Kg2 e4 53. Kg3 Rf3+ 54. Kg2 Be5 55. Kg1 e3 56. Kg2 Rf2+ 57. Kg1 h4 58. Kh1 h3
59. Kg1 h2+ {il manque un coup de tour} 60. Kh1 0-1

[Event "Open de la Loire"]
[Site "Comite Loire Echecs"]
[Date "2004.10.16"]
[Round "2.16"]
[White "Campoy, Jean"]
[Black "Bruyas, Benjamin"]
[Result "1-0"]
[WhiteElo "1450"]
[BlackElo "1320"]
[PlyCount "45"]
[EventDate "2004.??.??"]

1. e4 e6 2. Nc3 d5 3. exd5 exd5 4. d4 Bb4 5. Bd2 Nc6 6. Bb5 a6 7. Bxc6+ bxc6 8.
Nf3 c5 9. O-O Ne7 10. dxc5 Bxc5 11. Ne2 O-O 12. c3 Re8 13. Ned4 Bb6 14. Bg5 c5
15. Nc6 Qd7 16. Nxe7+ Rxe7 17. Bxe7 Qxe7 18. Re1 Qd7 19. Qe2 Bb7 20. Qe7 Qc6
21. Ne5 Qc7 22. Nd7 Ba5 23. Qe8+ {abandon} 1-0

[Event "Open de la Loire"]
[Site "Comite Loire Echecs"]
[Date "2004.10.16"]
[Round "2.17"]
[White "Gregoire, Michele"]
[Black "Trottet, Francois"]
[Result "1-0"]
[WhiteElo "1270"]
[BlackElo "1440"]
[PlyCount "51"]
[EventDate "2004.??.??"]

1. d4 Nf6 2. e3 e6 3. Nf3 b6 4. Bd3 Bb7 5. Nbd2 c5 6. c3 Qc7 7. O-O Be7 8. Re1
c4 9. Bc2 d5 10. b3 b5 11. a4 b4 12. cxb4 Bxb4 13. Ba3 Bxa3 14. Rxa3 c3 15. Nf1
Na6 16. Qd3 Nb4 17. Qb5+ Nc6 18. b4 O-O 19. Rxc3 Qc8 20. Ng3 Ba6 21. Qxc6 Qb8
22. Qxa6 Qxb4 23. Qd3 Ne4 24. Nxe4 dxe4 25. Qxe4 Qxc3 26. Qxh7# 1-0

[Event "Open de la Loire"]
[Site "Comite Loire Echecs"]
[Date "2004.10.16"]
[Round "2.18"]
[White "Mialon, Franck"]
[Black "Tafazzoli, Mickael"]
[Result "1-0"]
[WhiteElo "1400"]
[BlackElo "1299"]
[PlyCount "81"]
[EventDate "2004.??.??"]

1. e4 d5 2. exd5 Qxd5 3. Nc3 Qd6 4. d4 e5 5. Qe2 Nf6 6. h3 Qxd4 7. Be3 Qd6 8.
Nb5 Qc6 9. O-O-O a6 10. Nc3 Be6 11. Nf3 Nbd7 12. g3 Bb4 13. Bd2 O-O-O 14. Rg1
Bxc3 15. Bxc3 Bd5 16. Bg2 Bxa2 17. Nxe5 Qb5 18. Qe3 Bd5 19. Qa7 Nxe5 20. Bxe5
Rhe8 21. Bxf6 gxf6 22. Bxd5 Rxd5 23. Rxd5 Qxd5 24. Rd1 Qg5+ 25. f4 c6 26. fxg5
fxg5 27. Qa8+ Kc7 28. Qxe8 f5 29. Qf7+ Kb6 30. Qxf5 h5 31. Qxg5 c5 32. Qxh5 Kb5
33. g4 b6 34. g5 a5 35. g6 Kb4 36. g7 a4 37. g8=Q a3 38. bxa3+ Ka5 39. Qa8+ Kb5
40. Qe2+ c4 41. Rd5# 1-0

[Event "Open de la Loire"]
[Site "Comite Loire Echecs"]
[Date "2004.11.27"]
[Round "3.1"]
[White "Vier, Serge"]
[Black "Doucet, Medhi"]
[Result "1-0"]
[WhiteElo "1760"]
[BlackElo "1630"]
[PlyCount "51"]
[EventDate "2004.??.??"]

1. d4 d5 2. c4 Nf6 3. cxd5 Nxd5 4. e4 Nb6 5. Nf3 Bg4 6. Be3 e6 7. Nc3 Bb4 8.
Be2 c6 9. O-O Bxf3 10. Bxf3 Bxc3 11. bxc3 N8d7 12. Qb3 Rb8 13. Rad1 Qc7 14. d5
cxd5 15. exd5 Qc4 16. dxe6 Qxe6 17. Rfe1 Qxb3 18. axb3 O-O 19. Bc1 Rbc8 20. c4
Nc5 21. b4 Nca4 22. c5 Nc4 23. Rd7 Nab2 24. Bxb2 Rcd8 25. Ree7 Na3 26. Bd5 1-0

[Event "Open de la Loire"]
[Site "Comite Loire Echecs"]
[Date "2004.11.27"]
[Round "3.2"]
[White "Roche, Marius"]
[Black "Gaillard, Pierre"]
[Result "1-0"]
[WhiteElo "1680"]
[BlackElo "1720"]
[PlyCount "45"]
[EventDate "2004.??.??"]

1. d4 d5 2. Bf4 Bf5 3. e3 Nd7 4. Nd2 Ngf6 5. h3 e6 6. Ngf3 Be7 7. Bd3 Ne4 8.
Ne5 Nxd2 9. Qxd2 Bxd3 10. Qxd3 c5 11. Qb5 cxd4 12. exd4 Bd6 13. Nxf7 Kxf7 14.
Bxd6 Nb6 15. Bc5 Re8 16. O-O Kg8 17. Rfe1 Nc4 18. Qxb7 Rb8 19. Qa6 Rxb2 20.
Rxe6 Rxc2 21. Rae1 Ne5 22. R1xe5 Rc1+ 23. Kh2 1-0

[Event "Open de la Loire"]
[Site "Comite Loire Echecs"]
[Date "2004.11.27"]
[Round "3.4"]
[White "Desassis, Gregoire"]
[Black "Guevorkian, Spartak"]
[Result "1-0"]
[WhiteElo "1600"]
[BlackElo "1699"]
[PlyCount "52"]
[EventDate "2004.??.??"]

1. d4 f5 2. e3 Nf6 3. Nd2 b6 4. Bd3 g6 5. Ngf3 Bb7 6. O-O Bg7 7. c4 Nc6 8. Qb3
e6 9. a3 Ne7 10. Qa2 d5 11. Ne5 Nd7 12. Ndf3 Bxe5 13. Nxe5 Nxe5 14. dxe5 Ba6
15. Re1 Bxc4 16. Bxc4 dxc4 17. Qxc4 Kf7 18. e4 h6 19. Be3 c5 20. Red1 Qc7 21.
Rd6 Qc8 22. Rad1 Nc6 23. Rd7+ Ne7 24. R1d6 Rh7 25. Qxe6+ Ke8 26. Rxe7+ Rxe7 1-0

[Event "Open de la Loire"]
[Site "Comite Loire Echecs"]
[Date "2004.11.27"]
[Round "3.5"]
[White "Borron, Herve"]
[Black "Montroussier, Jacques"]
[Result "1-0"]
[WhiteElo "1590"]
[BlackElo "1510"]
[PlyCount "126"]
[EventDate "2004.??.??"]

1. c4 d5 2. cxd5 Qxd5 3. Nc3 Qa5 4. g3 Nf6 5. Bg2 c6 6. d4 Bf5 7. Bd2 Qb6 8. e4
Bg6 9. e5 Bh5 10. Nf3 Nd5 11. Nxd5 cxd5 12. Qc2 Nc6 13. Be3 Bxf3 14. Bxf3 e6
15. O-O Be7 16. b3 O-O 17. Qc3 Nb4 18. Qd2 Rac8 19. a3 Nc6 20. b4 Rc7 21. Rac1
Rfc8 22. Bg4 a5 23. bxa5 Nxa5 24. Rb1 Qa7 25. a4 Nc4 26. Qd1 Na3 27. Rc1 Rc2
28. Be2 Rxc1 29. Bxc1 Nc4 30. f4 Qa5 31. Qb3 Qa6 32. f5 Qa7 33. fxe6 Qxd4+ 34.
Kh1 Bc5 35. exf7+ Kf8 36. Qxb7 Qe4+ 37. Bf3 Qf5 38. Qxd5 Be3 39. Qe4 Qxe5 40.
Qxe5 Nxe5 41. Bxe3 Rc3 42. Bf4 Rxf3 43. Rxf3 Nxf3 44. a5 Nd4 45. a6 Nb5 46. Be3
Nc7 47. a7 Kxf7 48. Bf4 Na8 49. Kg2 Ke6 50. Kf2 h6 51. Ke2 Kd5 52. Kd3 g5 53.
Be3 Ke5 54. Bd4+ Kd5 55. g4 h5 56. Bf6 h4 57. Bxg5 Nb6 58. Bd8 Na8 59. Ba5 Ke5
60. Kc4 Kd6 61. Kd4 Ke6 62. Ke4 Kd7 63. Kd5 Ke7 1-0

[Event "Open de la Loire"]
[Site "Comite Loire Echecs"]
[Date "2004.11.27"]
[Round "3.7"]
[White "Gregoire, Patrick"]
[Black "Choquelle, Jean"]
[Result "1-0"]
[WhiteElo "1390"]
[BlackElo "1499"]
[PlyCount "57"]
[EventDate "2004.??.??"]

1. e4 e5 2. Nf3 Nc6 3. Bc4 Qe7 4. Nc3 g6 5. d3 Nf6 6. Bg5 Bg7 7. Nd5 Qd6 8.
Nxf6+ Bxf6 9. Bxf6 Qxf6 10. Qd2 d6 11. c3 Bd7 12. d4 O-O-O 13. d5 Nb8 14. O-O
Rde8 15. Qe3 h6 16. a4 g5 17. Qxa7 g4 18. Nd2 Rh7 19. a5 c6 20. a6 bxa6 21.
Bxa6+ Kd8 22. Qxb8+ Ke7 23. Qc7 Rg7 24. dxc6 Qg6 25. Qxd7+ Kf6 26. Qxe8 Kg5 27.
Qd8+ Kh5 28. g3 Rg8 29. Qh4# 1-0

[Event "Open de la Loire"]
[Site "Comite Loire Echecs"]
[Date "2004.11.27"]
[Round "3.8"]
[White "Clarin, Michel"]
[Black "Brachet, Gerard"]
[Result "1-0"]
[WhiteElo "1499"]
[BlackElo "1340"]
[PlyCount "45"]
[EventDate "2004.??.??"]

1. e4 e5 2. Nf3 Nc6 3. Bc4 h6 4. Nc3 Nf6 5. d4 exd4 6. Nxd4 Ne5 7. Bb3 Bb4 8.
O-O O-O 9. Nd5 Ba5 10. Nxf6+ Qxf6 11. c3 c5 12. Nf5 Bc7 13. f4 Ng6 14. Bc2 d6
15. Ne3 Be6 16. f5 Qe5 17. fxe6 fxe6 18. Rxf8+ Rxf8 19. Ng4 Rf1+ 20. Qxf1 Qh5
21. Nf6+ gxf6 22. Qxf6 d5 23. Qxe6+ 1-0

[Event "Open de la Loire"]
[Site "Comite Loire Echecs"]
[Date "2004.11.27"]
[Round "3.9"]
[White "Megnot, Philippe"]
[Black "Granger, Thierry"]
[Result "1-0"]
[WhiteElo "1390"]
[BlackElo "1499"]
[PlyCount "117"]
[EventDate "2004.??.??"]

1. e4 c5 2. Nf3 e6 3. Bb5 a6 4. Bc4 d6 5. c3 Nc6 6. Qe2 Nf6 7. d4 cxd4 8. cxd4
e5 9. dxe5 dxe5 10. O-O Be7 11. Rd1 Qc7 12. Nc3 O-O 13. Bg5 b5 14. Bb3 Bb7 15.
Rd2 Rfd8 16. Rad1 Rxd2 17. Rxd2 Rd8 18. Bxf6 Rxd2 19. Qxd2 Bxf6 20. Nd5 Qd8 21.
Qc2 Nd4 22. Nxd4 exd4 23. Qd3 g6 24. f4 Bg7 25. Qf3 Kh8 26. e5 Bxd5 27. Bxd5
Kg8 28. Qe4 Qb6 29. Kf2 Kf8 30. Ke2 b4 31. b3 a5 32. Kd3 Bh6 33. g3 Qb5+ 34.
Bc4 Qd7 35. Qa8+ Kg7 36. Qxa5 Qf5+ 37. Kd2 Bxf4+ 38. gxf4 Qxf4+ 39. Kd1 Qf3+
40. Be2 Qh1+ 41. Kd2 Qxh2 42. Kd3 Qg3+ 43. Kxd4 Qf2+ 44. Kd3 h5 45. Qxb4 h4 46.
Qe4 Qg3+ 47. Qf3 Qxe5 48. Qe4 Qg3+ 49. Qf3 Qd6+ 50. Ke3 Qe6+ 51. Kf2 Qb6+ 52.
Qe3 Qf6+ 53. Bf3 g5 54. Kg2 Qb2+ 55. Kh3 f6 56. Qe7+ Kg6 57. Be4+ f5 58. Qe8+
Kf6 59. Qh8+ 1-0

[Event "Open de la Loire"]
[Site "Comite Loire Echecs"]
[Date "2004.11.27"]
[Round "3.10"]
[White "Moleins, Jean-Pierre"]
[Black "Paratcha, Yohan"]
[Result "1-0"]
[WhiteElo "1499"]
[BlackElo "1310"]
[PlyCount "67"]
[EventDate "2004.??.??"]

1. e4 e5 2. Nf3 Nc6 3. Bb5 Nf6 4. Nc3 d5 5. exd5 Nxd5 6. O-O Bd6 7. Nxd5 Bc5 8.
Nc3 O-O 9. Bxc6 bxc6 10. Nxe5 Qe8 11. d4 Bd6 12. Re1 c5 13. Ng6 Qc6 14. d5 Qa6
15. Nxf8 Kxf8 16. Qh5 Bd7 17. Qxh7 f6 18. Qh8+ Kf7 19. Qxa8 c6 20. Qd8 Qb7 21.
Ne4 Bb8 22. Nxc5 Qc8 23. Qxd7+ Qxd7 24. Nxd7 Bd6 25. dxc6 a5 26. b3 g5 27. Bb2
f5 28. Rad1 Bc7 29. Nc5 Kg6 30. Rd7 Bb6 31. Re6+ Kh5 32. Rh7+ Kg4 33. h3+ Kf4
34. Bc1# 1-0

[Event "Open de la Loire"]
[Site "Comite Loire Echecs"]
[Date "2004.11.27"]
[Round "3.11"]
[White "Desassis, Maxence"]
[Black "Campoy, Jean"]
[Result "1-0"]
[WhiteElo "1380"]
[BlackElo "1450"]
[PlyCount "106"]
[EventDate "2004.??.??"]

1. d4 d5 2. Nf3 e6 3. e3 Nf6 4. Bd3 Nc6 5. b3 Bb4+ 6. c3 Be7 7. Nbd2 O-O 8. Bb2
Bd7 9. Qc2 g6 10. Rc1 Bd6 11. c4 Nb4 12. Qc3 Nxa2 13. Qc2 Nxc1 14. Qxc1 Bb4 15.
cxd5 Nxd5 16. O-O Bxd2 17. Qxd2 Bc6 18. Ba3 Re8 19. Ne5 Bd7 20. Nxd7 Qxd7 21.
e4 Nf6 22. Qg5 Qd8 23. Bb2 Nh5 24. Qb5 Nf4 25. Bc4 Rb8 26. g3 c6 27. Qe5 f6 28.
Qxf4 b5 29. Be2 Rf8 30. Rc1 Qd7 31. e5 f5 32. Bf3 Rbc8 33. Ba3 a5 34. Bxf8 Kxf8
35. Qd2 a4 36. bxa4 bxa4 37. Qb4+ Kg7 38. Qxa4 Qe7 39. Rxc6 Rxc6 40. Qxc6 g5
41. Qb7 Kf8 42. Qxe7+ Kxe7 43. Kf1 g4 44. Ba8 Kd7 45. d5 exd5 46. Bxd5 Ke7 47.
f4 gxf3 48. Bxf3 Ke6 49. Ke2 Kxe5 50. h4 h6 51. Ke3 Kf6 52. Kf4 Kg6 53. Bd1 Kf6
1-0

[Event "Open de la Loire"]
[Site "Comite Loire Echecs"]
[Date "2004.11.27"]
[Round "3.13"]
[White "Carrot, Axel"]
[Black "Gregoire, Michele"]
[Result "1-0"]
[WhiteElo "1300"]
[BlackElo "1270"]
[PlyCount "73"]
[EventDate "2004.??.??"]

1. d4 d5 2. Nf3 e6 3. Bf4 Bd6 4. Bxd6 Qxd6 5. e3 Nf6 6. Bd3 O-O 7. O-O Nbd7 8.
Nbd2 c5 9. c3 c4 10. Bc2 b5 11. b3 Ba6 12. b4 Rae8 13. Re1 e5 14. e4 Bb7 15.
dxe5 Nxe5 16. exd5 Bxd5 17. Nxe5 Rxe5 18. Nf3 Bxf3 19. Qxd6 Rd5 20. Qa6 Bg4 21.
Qxa7 Be6 22. Rad1 g6 23. Rxd5 Nxd5 24. a4 Nxc3 25. axb5 Nxb5 26. Qa5 Nd4 27.
Be4 f5 28. Bd5 Re8 29. Bxe6+ Nxe6 30. Qd5 Kf7 31. Qd7+ Kf8 32. Rxe6 Rxe6 33.
Qxe6 c3 34. Qc6 Kf7 35. Qxc3 h5 36. Qe5 h4 37. b5 1-0

[Event "Open de la Loire"]
[Site "Comite Loire Echecs"]
[Date "2004.11.27"]
[Round "3.14"]
[White "Bruyas, Benjamin"]
[Black "Rogues, Jean-Luc"]
[Result "1-0"]
[WhiteElo "1320"]
[BlackElo "1600"]
[PlyCount "91"]
[EventDate "2004.??.??"]

1. Nf3 d5 2. c4 e6 3. cxd5 exd5 4. d4 Be6 5. Nc3 Nf6 6. Bg5 Be7 7. g3 O-O 8.
Bg2 Nbd7 9. O-O c6 10. Re1 Bf5 11. Nd2 Qb6 12. Nb3 Rfe8 13. e4 dxe4 14. Nxe4
Nd5 15. Bxe7 Rxe7 16. Nd6 Qc7 17. Nxf5 Ree8 18. Bxd5 cxd5 19. Ne7+ Kf8 20. Nxd5
Qd6 21. Nf4 Nf6 22. Rc1 g5 23. Nh5 Ne4 24. d5 Qg6 25. Rc4 Nd6 26. Rxe8+ Rxe8
27. Rd4 Re4 28. Qf3 Rxd4 29. Nxd4 Qb1+ 30. Kg2 Qxb2 31. Ne6+ Ke7 32. Nxg5 Qe5
33. Nxh7 Nf5 34. N7f6 Kd6 35. Qf4 Ne7 36. Ne8+ Kxd5 37. Nc7+ Kd6 38. Nb5+ Ke6
39. Qxe5+ Kxe5 40. Nxa7 Nf5 41. h4 Nd6 42. f4+ Kf5 43. Kf3 f6 44. g4+ Kg6 45.
f5+ Kf7 46. Kf4 {abadon} 1-0

[Event "Open de la Loire"]
[Site "Comite Loire Echecs"]
[Date "2004.11.27"]
[Round "3.15"]
[White "Tafazzoli, Mickael"]
[Black "Goudet, Maxence"]
[Result "1/2-1/2"]
[WhiteElo "1299"]
[BlackElo "1520"]
[PlyCount "86"]
[EventDate "2004.??.??"]

1. e4 e5 2. Nf3 Nc6 3. d4 d6 4. Be3 Nf6 5. Nc3 exd4 6. Nxd4 Nxd4 7. Bxd4 Be7 8.
Bxf6 Bxf6 9. Qd2 O-O 10. O-O-O Be6 11. b3 c6 12. f4 Qa5 13. Kb2 b5 14. a3 c5
15. Bxb5 Qxb5 16. Qxd6 Rad8 17. Qxd8 Bxc3+ 18. Kxc3 Qe2 19. Qd3 Qxg2 20. f5 Bc8
21. b4 cxb4+ 22. axb4 Bb7 23. Rdg1 Qxe4 24. Qxe4 Bxe4 25. Re1 Bxh1 26. Rxh1
Rc8+ 27. Kb3 Rd8 28. c4 f6 29. b5 Rc8 30. Kb4 Kf7 31. Rg1 g6 32. fxg6+ hxg6 33.
c5 Ke6 34. Rd1 f5 35. Rd6+ Kf7 36. c6 f4 37. Rd7+ Ke8 38. Rxa7 Kd8 39. b6 f3
40. b7 Rb8 41. Ra8 Kc7 42. Rxb8 Kxb8 43. Kc5 f2 1/2-1/2

[Event "Open de la Loire"]
[Site "Comite Loire Echecs"]
[Date "2004.11.27"]
[Round "3.16"]
[White "Trottet, Francois"]
[Black "Gidrol, Thibault"]
[Result "1-0"]
[WhiteElo "1440"]
[BlackElo "1310"]
[PlyCount "59"]
[EventDate "2004.??.??"]

1. e4 e5 2. Nf3 Nc6 3. Bb5 Nf6 4. O-O Nxe4 5. d4 exd4 6. Bxc6 dxc6 7. Re1 Bf5
8. Nxd4 Bc5 9. Be3 Qd6 10. Nxf5 Qe5 11. Bxc5 Qxf5 12. Bd4 Rd8 13. Re2 c5 14.
Qe1 cxd4 15. c4 Rd6 16. Rxe4+ Re6 17. Nd2 O-O 18. Rxe6 fxe6 19. f3 Rf6 20. Ne4
Rg6 21. Rd1 h5 22. Qe2 h4 23. h3 Qxh3 24. Nc5 Qf5 25. Ne4 h3 26. g3 Rh6 27. Kh2
b6 28. Rxd4 Qe5 29. Qd3 Kh7 30. Ng5+ 1-0

[Event "Open de la Loire"]
[Site "Comite Loire Echecs"]
[Date "2004.11.27"]
[Round "3.17"]
[White "Gerey, Jean-Pierre"]
[Black "Moleins, Adrien"]
[Result "1-0"]
[WhiteElo "1370"]
[BlackElo "1099"]
[PlyCount "55"]
[EventDate "2004.??.??"]

1. e4 e5 2. Nf3 Nf6 3. Nc3 d6 4. d4 Nc6 5. d5 Nd4 6. Nxd4 exd4 7. Qxd4 Be7 8.
f3 O-O 9. Be3 c5 10. Qd2 g6 11. Be2 Nh5 12. O-O-O Bd7 13. g4 Ng7 14. h4 Bxh4
15. Bd3 a6 16. Qh2 g5 17. Kb1 h6 18. Qxd6 Kh7 19. Bxc5 Rh8 20. Qh2 Ne8 21. Bd4
f6 22. e5+ Kg7 23. e6 Bxe6 24. Be4 Nd6 25. dxe6 Nxe4 26. Nxe4 Kg6 27. Bxf6 Qc7
28. Qxc7 1-0

[Event "Open de la Loire"]
[Site "Comite Loire Echecs"]
[Date "2004.11.27"]
[Round "4.1"]
[White "Roche, Marius"]
[Black "Vier, Serge"]
[Result "1/2-1/2"]
[WhiteElo "1680"]
[BlackElo "1760"]
[PlyCount "75"]
[EventDate "2004.??.??"]

1. d4 d5 2. c4 e6 3. Nc3 Nf6 4. cxd5 exd5 5. Qc2 c6 6. Bg5 Nbd7 7. e3 Be7 8.
Bd3 O-O 9. Nge2 h6 10. Bf4 Nh5 11. O-O-O Nxf4 12. Nxf4 Re8 13. Kb1 Nf8 14. Rde1
Ne6 15. Nfe2 Bb4 16. a3 Bxc3 17. Qxc3 Ng5 18. Ng3 Ne4 19. Nxe4 dxe4 20. Bc4 Be6
21. Rd1 Bd5 22. Rc1 Rc8 23. Qb4 Rb8 24. Bxd5 Qxd5 25. Rc5 Qd6 26. Qc4 a6 27.
Qc2 Rbc8 28. Qc3 Qf6 29. Qd2 Red8 30. Qe2 Qe6 31. Rf1 Rd5 32. Rxd5 Qxd5 33. Rc1
Qd6 34. Qg4 Rd8 35. h3 Re8 36. Qe2 Qe6 37. Qg4 Qd6 38. Qe2 1/2-1/2

[Event "Open de la Loire"]
[Site "Comite Loire Echecs"]
[Date "2004.11.27"]
[Round "4.2"]
[White "Borron, Herve"]
[Black "Simon, Joel"]
[Result "0-1"]
[WhiteElo "1590"]
[BlackElo "1710"]
[PlyCount "77"]
[EventDate "2004.??.??"]

1. c4 d6 2. Nc3 g6 3. g3 Bg7 4. Bg2 c5 5. d3 Nf6 6. e3 Nc6 7. Nge2 Bd7 8. O-O
Qc7 9. Nf4 O-O 10. Qc2 Nb4 11. Qe2 Bc6 12. a3 Bxg2 13. Kxg2 Nc6 14. Bd2 Ne5 15.
d4 cxd4 16. Ncd5 Nxd5 17. Nxd5 Nc6 18. exd4 e6 19. Nf4 Nxd4 20. Qd3 Qc6+ 21. f3
Rfe8 22. Bc3 e5 23. Nd5 Rac8 24. Bb4 b6 25. Rac1 a5 26. Bd2 Ne6 27. Qe3 Qc5 28.
Qxc5 Nxc5 29. Nxb6 Rb8 30. Bxa5 Nb3 31. Nd7 Rb7 32. Nb6 Nxa5 33. Na4 e4 34. b4
Nb3 35. Rc2 exf3+ 36. Kf2 Ra7 37. Rc3 Bxc3 38. Nxc3 Rxa3 39. Ne4 0-1

[Event "Open de la Loire"]
[Site "Comite Loire Echecs"]
[Date "2004.11.27"]
[Round "4.3"]
[White "Gaillard, Pierre"]
[Black "Desassis, Gregoire"]
[Result "1-0"]
[WhiteElo "1720"]
[BlackElo "1600"]
[PlyCount "57"]
[EventDate "2004.??.??"]

1. e4 e6 2. d4 d5 3. Nc3 Nf6 4. Bg5 Be7 5. e5 Ne4 6. Bxe7 Nxc3 7. Qg4 Qxe7 8.
bxc3 g6 9. Nf3 c5 10. Bb5+ Nc6 11. O-O Bd7 12. Rab1 a6 13. Bxc6 Bxc6 14. h4 h5
15. Qf4 Bb5 16. Rfe1 O-O-O 17. Ng5 Rhf8 18. Rb2 f6 19. exf6 Rxf6 20. Qe5 Kd7
21. a4 Bc6 22. c4 Rdf8 23. cxd5 Bxd5 24. Qxd5+ exd5 25. Rxb7+ Kd8 26. Rexe7
Rxf2 27. Nf7+ R8xf7 28. Rxf7 Re2 29. Rb8# 1-0

[Event "Open de la Loire"]
[Site "Comite Loire Echecs"]
[Date "2004.11.27"]
[Round "4.4"]
[White "Guevorkian, Spartak"]
[Black "Moleins, Jean-Pierre"]
[Result "1-0"]
[WhiteElo "1699"]
[BlackElo "1499"]
[PlyCount "55"]
[EventDate "2004.??.??"]

1. d4 d5 2. c4 dxc4 3. e3 e6 4. Bxc4 Nf6 5. Nc3 Bb4 6. Nge2 e5 7. a3 Bxc3+ 8.
bxc3 exd4 9. cxd4 O-O 10. O-O Nbd7 11. Bd2 a5 12. Rb1 Ng4 13. Nc3 Ndf6 14. Be2
c5 15. h3 cxd4 16. hxg4 dxc3 17. Bxc3 Qxd1 18. Rfxd1 Nxg4 19. Bxg4 Bxg4 20. Rd5
Be6 21. Rg5 f6 22. Rxb7 h6 23. Rc5 a4 24. Rcc7 Rf7 25. Rxf7 Bxf7 26. Bxf6 Rc8
27. Ra7 Rc4 28. Ra8+ 1-0

[Event "Open de la Loire"]
[Site "Comite Loire Echecs"]
[Date "2004.11.27"]
[Round "4.5"]
[White "Doucet, Medhi"]
[Black "Mialon, Franck"]
[Result "0-1"]
[WhiteElo "1630"]
[BlackElo "1400"]
[PlyCount "54"]
[EventDate "2004.??.??"]

1. c4 f5 2. Nc3 e6 3. e3 c6 4. d4 d5 5. c5 Nf6 6. Nf3 Nbd7 7. h3 Be7 8. b4 Ne4
9. Nxe4 fxe4 10. Nh2 O-O 11. Be2 a6 12. Bb2 Bg5 13. Rf1 Qf6 14. Kd2 e5 15. Ng4
Qg6 16. dxe5 Rd8 17. Bd4 Nf8 18. f4 exf3 19. gxf3 Ne6 20. f4 Nxd4 21. Bd3 Nf5
22. fxg5 Qxg5 23. Bxf5 Bxf5 24. Nf6+ Kh8 25. Qh5 Qg2+ 26. Ke1 gxf6 27. Rg1 Qb2
0-1

[Event "Open de la Loire"]
[Site "Comite Loire Echecs"]
[Date "2004.11.27"]
[Round "4.7"]
[White "Gidon, Rene"]
[Black "Megnot, Philippe"]
[Result "1-0"]
[WhiteElo "1540"]
[BlackElo "1390"]
[PlyCount "55"]
[EventDate "2004.??.??"]

1. e4 e5 2. Nf3 d6 3. d4 exd4 4. Nxd4 Nf6 5. Nc3 Be7 6. Bd3 O-O 7. O-O Nbd7 8.
Nf5 Ne5 9. Nxe7+ Qxe7 10. Bg5 c6 11. f4 Nxd3 12. Qxd3 h6 13. Bh4 Qe6 14. Rae1
Nd7 15. f5 Qe5 16. Bg3 Qc5+ 17. Bf2 Qb4 18. b3 Ne5 19. Qg3 b6 20. Re3 Ba6 21.
Rd1 Rad8 22. Be1 Qa3 23. f6 g6 24. Qf4 Kh7 25. Rh3 h5 26. Bd2 Rh8 27. Qh6+ Kg8
28. Qg7# 1-0

[Event "Open de la Loire"]
[Site "Comite Loire Echecs"]
[Date "2004.11.27"]
[Round "4.8"]
[White "Desassis, Maxence"]
[Black "Clarin, Michel"]
[Result "0-1"]
[WhiteElo "1380"]
[BlackElo "1499"]
[PlyCount "150"]
[EventDate "2004.??.??"]

1. d4 d5 2. Nf3 Nc6 3. e3 a6 4. Bd3 Bg4 5. Nbd2 e5 6. c3 e4 7. Nxe4 dxe4 8.
Bxe4 Nf6 9. Bd3 Bd6 10. Qb3 Bxf3 11. gxf3 Qe7 12. Qxb7 O-O 13. Qxc6 {
erreur de notatin} 13... Qd7 14. Qxd7 Nxd7 15. e4 Rae8 16. Rg1 Kh8 17. Rg2 Nf6
18. e5 Nh5 19. Bxa6 c5 20. Be3 cxd4 21. exd6 dxe3 22. d7 Re6 23. Rd1 Rd8 24.
Bc4 Re7 25. Bb5 Nf4 26. Rg4 e2 27. Rd2 g5 28. Bxe2 Rdxd7 29. Rxd7 Rxd7 30. Rxg5
Re7 31. Kd1 Nxe2 32. a4 Nf4 33. b4 Nh3 34. Rg2 Nf4 35. Rg3 Nd5 36. Kd2 Rd7 37.
Kc2 Rc7 38. f4 Nxb4+ 39. Kb3 Nd5 40. f5 Nf6 41. a5 Ne4 42. Re3 Nxf2 43. a6 Ng4
44. Rh3 Nf6 45. Kb4 Nd5+ 46. Kb3 Ne7 47. Rf3 Nc6 48. Ka4 Ne5 49. Re3 f6 50. Kb5
Rg7 51. Kb6 Nc4+ 52. Kb5 Nxe3 53. Kb6 Nd5+ 54. Kc5 Nxc3 55. Kd6 Ne4+ 56. Kc6
Nc3 57. Kb6 Nd5+ 58. Kc5 Ra7 59. Kxd5 Rxa6 60. h3 h5 61. h4 Kg7 62. Kc5 Ra5+
63. Kd6 Rxf5 64. Ke6 Rf1 65. Kd5 Re1 66. Kd4 f5 67. Kd3 f4 68. Kd2 Re8 69. Kd3
f3 70. Kd4 f2 71. Kd5 f1=Q 72. Kd6 Qd1+ 73. Kc6 Re2 74. Kb5 Qb1+ 75. Ka4 Ra2#
0-1